| 000 | 00677nam a2200205 a 4500 | ||
|---|---|---|---|
| 001 | 4128 | ||
| 005 | 20140414131936.0 | ||
| 008 | 090209s19uu xx 00 eng d | ||
| 020 | _a0-7368-0769-1 | ||
| 050 |
_aREF 943 _bSa3 2002 |
||
| 100 | _aSalas, Laura Purdie | ||
| 245 |
_aGermany / _cby Laura Purdie Salas. |
||
| 260 |
_aMankato, Minnesota : _bCapstone Press, _cc2002. |
||
| 300 | _a64 p. : col., ill. cm. | ||
| 440 | _aCountries and Cultures | ||
| 500 | _aIncludes bibliographical references and index. | ||
| 520 | _aAn introduction to the geography, history, economy, culture, and people of Germany. | ||
| 650 |
_aGermany _xJuvenile literature. |
||
| 999 |
_c112453 _d112453 |
||